00232nam a2200085Ia 4500008004100000100002300041245002500064260004800089260000900137170620s9999 xx 000 0 und d aPeterson- H. Craig 0aManagerial Economics bNew Delhi- Prentice Hall of India Pvt. Ltd. c2001